| Tag |
First Indicator |
Second Indicator |
Subfields |
| LEADER |
00000cam a2200000 4500 |
| 001 |
in00000307990 |
| 005 |
20151010140529.0 |
| 008 |
690829s1969 nyu b 00100 eng |
| 010 |
|
|
|a 69018212
|
| 020 |
|
|
|a 0801405017
|
| 035 |
|
|
|a (OCoLC)00023453
|
| 035 |
|
|
|9 ABH2188AM
|
| 040 |
|
|
|a DLC
|c DLC
|d TXA
|d UtOrBLW
|
| 049 |
|
|
|a TXAM
|c [702100]
|
| 050 |
0 |
0 |
|a DF229.2
|b .K3
|
| 082 |
0 |
|
|a 938/.05
|
| 100 |
1 |
|
|a Kagan, Donald.
|
| 245 |
1 |
4 |
|a The outbreak of the Peloponnesian War.
|
| 264 |
|
1 |
|a Ithaca [N.Y.] :
|b Cornell University Press,
|c [1969]
|
| 300 |
|
|
|a xvi, 420 pages ;
|c 24 cm.
|
| 336 |
|
|
|a text
|b txt
|2 rdacontent
|
| 337 |
|
|
|a unmediated
|b n
|2 rdamedia
|
| 338 |
|
|
|a volume
|b nc
|2 rdacarrier
|
| 504 |
|
|
|a Bibliography: pages 393-403.
|
| 536 |
|
|
|a From the Library of George F. Bass.
|
| 651 |
|
0 |
|a Greece
|x History
|y Peloponnesian War, 431-404 B.C.
|
| 999 |
|
|
|a MARS
|
| 999 |
f |
f |
|s 216b60f5-3c4a-325a-95e9-c4278f4fa100
|i bdb1b30f-6002-3dd8-9dc9-13ed3a233fe7
|t 0
|
| 952 |
f |
f |
|p normal
|a Texas A&M University
|b College Station
|c Sterling C. Evans Library
|d Evans: Library Stacks
|t 0
|e DF229.2 .K3
|h Library of Congress classification
|i unmediated -- volume
|m A14801983525
|
| 952 |
f |
f |
|p noncirc
|a Texas A&M University
|b College Station
|c Sterling C. Evans Library
|d Bodrum (located in Turkey)
|t 0
|e DF229.2 .K3
|h Library of Congress classification
|i unmediated -- volume
|
| 998 |
f |
f |
|a DF229.2 .K3
|t 0
|l Bodrum (located in Turkey)
|
| 998 |
f |
f |
|a DF229.2 .K3
|t 0
|l Evans: Library Stacks
|